30 Jahre Europa-Universität Viadrina : (Titelsatznr. 373026)
[ MARC ]
| 000 -Satzkennung | |
|---|---|
| Kontrollfeld mit fester Länge | 01587cam a2200361 4500 |
| 001 - Kontrollnummer | |
| Kontrollfeld | 1814159665 |
| 003 - Kontrollnummer Identifier | |
| Kontrollfeld | DE-627 |
| 005 - Datum und Zeit der letzten Transaktion | |
| Kontrollfeld | 20240312131639.0 |
| 007 - Feld mit fester Länge zur physischen Beschreibung - Allgemeine Information | |
| Kontrollfeld mit fester Länge | tu |
| 008 - Feld mit fester Länge zur physischen Beschreibung - Allgemeine Angaben | |
| Kontrollfeld mit fester Länge | 220810s2021 gw ||||| 00| ||ger c |
| 015 ## - Nummer der Nationalbibliografie | |
| Nummer der Nationalbibliografie | 22,B32 |
| Quelle | dnb |
| 016 7# - Kontrollnummer der nationalbibliografischen Agentur | |
| Datensatzkontrollnummer | 1253289123 |
| Quelle | DE-101 |
| 035 ## - Systemkontrollnummer | |
| System-Kontrollnummer | (DE-627)1814159665 |
| 035 ## - Systemkontrollnummer | |
| System-Kontrollnummer | (DE-599)DNB1253289123 |
| 040 ## - Katalogisierungsquelle | |
| Original-Katalogisierungsstelle | DE-627 |
| Katalogisierungssprache | ger |
| Übertragungsstelle | DE-627 |
| Beschreibungsfestlegungen | rda |
| Bearbeitungsstelle | DE-3950 |
| 041 ## - Sprachcode | |
| Sprachcode des Textes/der Tonspur oder des separaten Titels | ger |
| -- | pol |
| 044 ## - Ländercode der veröffentlichenden/herstellenden Stelle | |
| ISO-Ländercode | XA-DE |
| 082 04 - Notation nach der Dewey Decimal Classification | |
| Notation | 370 |
| Zuweisende Stelle | DE-101 |
| 245 10 - Titel | |
| Titel | 30 Jahre Europa-Universität Viadrina : |
| Zusatz zum Titel | unsere Geschichte in Bildern = 30 lat Uniwersytetu Europejskiego Viadrina : nasza historia na zdjęciach |
| 246 1# - Titelvarianten | |
| Anzeigetext | Abweichender Titel |
| Hauptsachtitel/Kurztitel | 30 lat Uniwersytetu Europejskiego Viadrina, nasza historia na zdjęciach |
| 246 31 - Titelvarianten | |
| Hauptsachtitel/Kurztitel | 30 lat Uniwersytetu Europejskiego Viadrina |
| Zusatz zum Titel | nasza historia na zdjęciach |
| 264 #1 - Produktion, Veröffentlichung, Distribution, Herstellung und Urheberrechtsvermerk | |
| Herstellungs-, Veröffentlichungs- Vertriebs-, Erzeugungsort | Frankfurt (Oder): |
| Produzent, Herausgeber, Distributor, Hersteller | Europa-Universität Viadrina Frankfurt (Oder), |
| Datum der Herstellung, der Veröffentlichung, des Vertriebs oder des Urheberschutzvermerks | Oktober 2021 |
| 300 ## - Physische Beschreibung | |
| Umfang | circa 220 ungezählte Seiten: |
| Andere physische Details | Illustrationen |
| Maße | 15 x 21 cm |
| 336 ## - Inhaltstyp | |
| Inhaltstypterm | Text |
| Inhaltstypcode | txt |
| Quelle | rdacontent |
| 337 ## - Medientyp | |
| Bezeichnung des Medientyps | ohne Hilfsmittel zu benutzen |
| Medientypcode | n |
| Quelle | rdamedia |
| 338 ## - Datenträgertyp | |
| Datenträgertypbezeichnung | Band |
| Datenträgertypcode | nc |
| Quelle | rdacarrier |
| 610 27 - Nebeneintragung unter einem Schlagwort - Körperschaftsname | |
| IDN des Normdatensatzes oder Standardnummer | (DE-588)5059953-7 |
| -- | (DE-627)121112942 |
| -- | (DE-576)194262065 |
| Körperschafts- oder Gebietskörperschaftsname als Eintragungselement | Europa-Universität Viadrina Frankfurt (Oder) |
| Quelle der Ansetzung oder des Terms | gnd |
| 648 #7 - Nebeneintragung unter einem Schlagwort - Zeitschlagwort | |
| Zeitschlagwort | Geschichte 1991-2021 |
| Quelle der Ansetzung oder des Terms | gnd |
| 655 #7 - Indexierungsterm - Genre/Form | |
| Genre/Form oder fokussierter Term | Festschrift |
| IDN des Normdatensatzes oder Standardnummer | (DE-588)4016928-5 |
| -- | (DE-627)104400986 |
| -- | (DE-576)208917802 |
| Quelle der Ansetzung oder des Terms | gnd-content |
| 951 ## - EQUIVALENCE OR CROSS-REFERENCE--GEOGRAPHIC NAME/AREA NAME [OBSOLETE] [CAN/MARC only] | |
| Geografischer Name | BO |
| 710 2# - Nebeneintragung - Körperschaftsname | |
| Körperschafts- oder Gebietskörperschaftsname als Eintragungselement | Europa-Universität Viadrina Frankfurt (Oder) |
| Funktionsbezeichnung | Herausgebendes Organ |
| -- | GefeierteR |
| IDN des Normdatensatzes oder Standardnummer | (DE-588)5059953-7 |
| -- | (DE-627)121112942 |
| -- | (DE-576)194262065 |
| Code für Beziehungskennzeichnung | isb |
| -- | hnr |
| 942 ## - Zusätzliche Felder (Koha) | |
| Klassifikation oder Aufstellungssystematik | Andere/Generische Klassifikation |
| Koha-Medientyp | Bücher |
| Ausgeschieden | Verloren | Klassifikation oder Aufstellungssystematik | Beschädigt | Nicht entleihbar | Heimatbibliothek | Aufenthaltsbibliothek | Aufstellungsort | Erwerbungsdatum | Lieferant | Kodierter Standort-Qualifier | Anzahl Ausleihen | Signatur | Letzte Aktivität | Exemplarnummer | Preis gültig von | Koha-Medientyp |
|---|---|---|---|---|---|---|---|---|---|---|---|---|---|---|---|---|
| Andere/Generische Klassifikation | Stadtarchiv Frankfurt (Oder) | Archivbibliothek | Stadtarchiv Frankfurt (Oder) | Archivbibliothek | Magazin | 12/03/2024 | Belegexemplar | M | I: 2907 | 12/03/2024 | 17/2023 | 12/03/2024 | Bücher |